Golpes de Estado - Estadísticas

Estadísticas generales
  • Esta prueba ha sido intentada 3.269 veces
  • La puntuación promedio es 12 de 20
Estadísticas de respuestas
Año Líder País % Correcto
1799 Napoleón Bonaparte Francia
98%
1923 Adolf Hitler Alemania
97%
1992 Hugo Chávez Venezuela
97%
1922 Benito Mussolini Italia
96%
1936 Francisco Franco España
93%
49 AC Julio César Roma
92%
1973 Augusto Pinochet Chile
80%
1992 Alberto Fujimori Perú
64%
1969 Muamar el Gadafi Libia
63%
1944 Claus von Stauffenberg Alemania
59%
1933 Fulgencio Batista Cuba
59%
1961 Park Chung Hee Corea del Sur
56%
1688 Guillermo de Orange Inglaterra
50%
1953 Mohammad Reza Pahlaví Irán
36%
1971 Idi Amin Uganda
28%
1960 Mobutu Sese Seko R. D. Congo
26%
1944 Rey Miguel I Rumania
21%
1999 Pervez Musharraf Pakistán
19%
1958 Ayub Khan Pakistán
17%
2005 Rey Gyanendra Nepal
13%
No se encontraron pruebas coincidentes
Distribución de puntuación
Porcentaje de gente con cada puntuación
Porcentaje por número respondido
Historial de tus puntuaciones
No has intentado esta prueba.